书目信息 |
| 题名: |
流动空间
|
|
| 作者: | 沈丽珍 著 | |
| 分册: | ||
| 出版信息: | 南京 东南大学出版社 2010.01 |
|
| 页数: | 145页 | |
| 开本: | 26cm | |
| 丛书名: | 城市与区域空间研究丛书 | |
| 单 册: | ||
| 中图分类: | TU984.11 | |
| 科图分类: | ||
| 主题词: | 城市空间--cheng shi kong jian--空间规划--研究 | |
| 电子资源: | ||
| ISBN: | 978-7-5641-1987-4 | |
| 000 | 00925nam 2200265 450 | |
| 001 | 012010043581 | |
| 005 | 20100406191139.78 | |
| 010 | @a978-7-5641-1987-4@dCNY29.00 | |
| 100 | @a20100406d2010 em y0chiy0120 ea | |
| 101 | 0 | @achi |
| 102 | @aCN@b320000 | |
| 105 | @aa a 000yy | |
| 106 | @ar | |
| 200 | 1 | @a流动空间@Aliu dong kong jian@f沈丽珍著@Fshen li zhen zhu |
| 210 | @a南京@c东南大学出版社@d2010.01 | |
| 215 | @a145页@c图@d26cm | |
| 225 | 2 | @a城市与区域空间研究丛书@Acheng shi yu qu yu kong jian yan jiu cong shu |
| 320 | @a有书目 (第134-143页) | |
| 330 | @a本书主要内容:流动空间理论研究基础,流动空间了理论,流动空间影响下传统空间的转变,区域流动空间的整合等。 | |
| 410 | 0 | @12001 @a城市与区域空间研究丛书 |
| 606 | 0 | @a城市空间@Acheng shi kong jian@x空间规划@x研究 |
| 690 | @aTU984.11@v4 | |
| 701 | 0 | @a沈丽珍@Ashen li zhen@4著 |
| 801 | 0 | @aCN@bQSSK@c20100406 |
| 905 | @b774356-60@dTU984.11@eS409@f5 | |
| 流动空间/沈丽珍著.-南京:东南大学出版社,2010.01 |
| 145页:图;26cm.-(城市与区域空间研究丛书) |
| ISBN 978-7-5641-1987-4:CNY29.00 |
| 本书主要内容:流动空间理论研究基础,流动空间了理论,流动空间影响下传统空间的转变,区域流动空间的整合等。 |
| ● |
| 相关链接 |
|
|
|
正题名:流动空间
索取号:TU984.11/S409
 
预约/预借
| 序号 | 登录号 | 条形码 | 馆藏地/架位号 | 状态 | 备注 |
| 1 | 774356 | 207743566 | 建筑库201/201建筑库 62排5列2层/ [索取号:TU984.11/S409] | 在馆 | |
| 2 | 774357 | 207743575 | 建筑与城市规划学院资料室/201建筑库 64排7列3层/ [索取号:TU984.11/S409] | 在馆 | |
| 3 | 774358 | 207743584 | 建筑库201/201建筑库 62排5列2层/ [索取号:TU984.11/S409] | 在馆 | |
| 4 | 774359 | 207743593 | 建筑库201/201建筑库 62排5列2层/ [索取号:TU984.11/S409] | 在馆 | |
| 5 | 774360 | 207743600 | 建筑库201/201建筑库 62排5列2层/ [索取号:TU984.11/S409] | 在馆 |